000 00503pab a2200193 454500
008 180718b2006 xxu||||| |||| 00| 0 eng d
100 _aBarrett, Michael
245 _aICT and organizational change
260 _c2006
300 _ap.6-22.
362 _aMar
650 _aCommunication technology
650 _aInformation technology
650 _aOrganizational change
700 _aWailes, Nick
700 _aGrant, David
773 _aJournal of Applied Behavioral Science
909 _a69081
999 _c69081
_d69081